LEADER 01122nam a2200265 a 4500 001 000000154020 003 CaOOAMICUS 005 20160916151705.0 008 160916s1975 it u000 u ita r 032 $aLibriCat 040 $aPUL$bita 100 1 $aGiacchi, Orio,$d1909-1982.$0(OLS)http://pul/name/9562 245 13$aLo Stato laico :$bformazione e sviluppo dell'idea e delle sue attuazioni /$cOrio Giacchi. 260 $aMilano :$bSocietą editrice "Vita e pensiero",$c1975. 300 $a125 p. ;$c24 cm. 490 1 $aCorsi universitari 504 $aBibliografia in nota. 650 4$aStato (Politica).$0(OLS)http://pul/subject/7092 830 0$aCorsi universitari.$0(OLS)http://pul/title/3405 850 $aPUL 852 $aPUL$W1$xDP1 Fondo G. Barberini$y122$m4 E 28$j177015$qFondi$B179995$CPULBib$Z2$F179995 $HBar1564 $81 941 1 $a1 996 $6245$aLo Stato laico :$bformazione e sviluppo dell'idea e delle sue attuazioni$9(OLS)http://pul/title/176487 996 $6260$aMilano :$bSocietą editrice "Vita e pensiero"$9(OLS)http://pul/publisher/48525 LEADER 01542nam a2200337 a 4500 001 000000176494 003 CaOOAMICUS 005 20240119112705.0 008 240119s2023 be u000 u eng r 020 $a978-94-6270-356-8* 032 $aLibriCat 040 $aPUL$bita 100 1 $aBuren, Franziska van.$0(OLS)http://pul/name/113414 245 10$aAristotle and the ontology of St. Bonaventure / $cFranziska Van Buren. 260 $aLeuven :$bLeuven University Press ;$a[S.l.] :$bDe Wulf-Mansioncentre,$c©2023. 300 $aXIV, 211 ;$b$c24 cm 490 1 $aAncient and medieval philosophy. Series 1 ;$v63 500 $aInclude indice. 500 $a"De Wulf-Mansion Centre, series I". 504 $aBibliografia in nota. 600 04$aBonaventura,$cs., card.,$dc. 1217-1274$xFilosofia.$0(OLS)http://pul/subject/1949 600 04$aAristoteles,$d384-322 a.C.$xFilosofia.$0(OLS)http://pul/subject/75 830 0$aAncient and medieval philosophy.$nSeries 1 ;$v63.$0(OLS)http://pul/title/225 850 $aPUL 852 $aPUL$W1$xSL Religione 1$y3$m80 H 63$j200552$b $qStampati$B205436$CPULBib$Z2$F205436 $H136710 $81 941 1 $a8 996 $6020$a978-94-6270-356-8*$9(OLS)http://pul/number/169499 996 $6245$aAristotle and the ontology of St. Bonaventure / $9(OLS)http://pul/title/217984 996 $6260$aLeuven :$bLeuven University Press$9(OLS)http://pul/publisher/48301 996 $6260$a[S.l.] :$bDe Wulf-Mansioncentre$9(OLS)http://pul/publisher/81778